| 000 | 01985nma a22002777a 4500 | ||
|---|---|---|---|
| 005 | 20210325194646.0 | ||
| 006 | g q || | ||
| 008 | s2546 th thaeng | ||
| 041 | _athaeng | ||
| 090 | _aCD653/1,CD473/2 | ||
| 100 | 0 | _aคณะกรรมการพัฒนาขีดความสามารถในการพัฒนาของประเทศ | |
| 245 | 1 | 0 | _aการประชุมเชิงปฏิบัติการ "การพัฒนาผู้นำการบริหารการเปลี่ยนแปลง" เรื่อง พลวัตรการเปลี่ยนแปลงในเศรษฐกิจและภูมิรัฐศาสตร์โลก โดย นาย William S. Cohen อดีตรัฐมนตรีว่าการกระทรวงกลาโหม ประเทศสหรัฐอเมริกา [CD-ROM] |
| 260 | 3 |
_aกรุงเทพฯ : _bสำนักงานคณะกรรมการพัฒนาระบบราชการ, _c2546 |
|
| 300 | _a2 แผ่นsd., col. | ||
| 650 | 0 | 4 | _aWilliam S. Cohen -- บรรยาย |
| 650 | 0 | 4 | _aภูมิรัฐศาสตร์โลก |
| 650 | 0 | 4 | _aการพัฒนาเศรษฐกิจ |
| 650 | 0 | 4 | _aภาวะผู้นำ -- การประชุมเชิงปฏิบัติการ |
| 650 | 0 | 4 | _aการพัฒนาผู้นำ -- การประชุมเชิงปฏิบัติการ |
| 650 | 0 | 4 | _aผู้นำ -- การประชุมเชิงปฏิบัติการ |
| 700 | 0 | _aคณะกรรมการพัฒนาขีดความสามารถในการพัฒนาของประเทศ | |
| 850 | _aNALT | ||
| 942 | _cCD | ||
| 997 |
_c000000000044868 _kVC |
||
| 998 | _aน.ส.อรอุษา โอภาสมงคลชัย | ||
| 999 |
_c44868 _d44868 |
||